000 00892nam a2200265 a 4500
001 57430
003 BD-RjUL
005 20211209080519.0
008 161210r19961995enk b 001 0 eng d
020 _a0471956368 (acidfree paper)
035 _a(BD-RjUL)57554
040 _aUkNcU
_cUkNcU
_dBD-RjUL
_dDLC
_beng
041 1 _aeng
_hger
082 0 0 _a511.3223
_223
_bBAF 1996
100 1 _aBandemer, Hans.
_9170544
245 1 0 _aFuzzy sets, fuzzy logic, fuzzy methods :
_bwith applications /
_cHans Bandemer, Siegfried Gottwald.
260 _aChichester ;
_aNew York :
_bJ. Wiley,
_cc1995[Reprinted 1996]
300 _ax, 239 p. :
_bill. ;
_c24 cm.
504 _aIncludes bibliographical references (p. [217]-234) and index.
650 0 _aFuzzy sets.
_9170545
650 0 _aFuzzy logic.
_9170546
700 1 _aGottwald, Siegfried.
_9170547
942 _2ddc
_cBK
999 _c57430
_d57430